Quiz o najlepszych liniach lotniczych - Statystyki

Ogólne statystyki
  • Ten quiz został rozwiązany 104 razy
  • Średni wynik to 2 z 9
Statystyki odpowiedzi
podpowiedz
Wypisz wszystkie najlepsze linie lotnicze
% Poprawnych
Emirates
77%
ANA wpisz ANA
65%
Singapore Airlines
29%
Japan Airlines
16%
Cathay Pacific
1%
Qantas Airways
1%
Eva air
0%
Hainan airways
0%
Nippon Airways
0%
Nie znaleziono quizów pasujących do podanych kryteriów
Rozkład punktacji
Procent ludzi z każdym wynikiem
Percentyl według liczby udzielonych odpowiedzi
Twoja historia wyników
Nie rozwiązałeś tego quizu